[Event "British Columbia op"]
[Site "Richmond"]
[Date "2013.02.09"]
[Round "1.1"]
[White "Landingin, Jofrel"]
[Black "Villavieja, Butch"]
[Result "0-1"]
[WhiteElo "1881"]
[BlackElo "2304"]
[PlyCount "50"]
[EventDate "2013.02.09"]
[EventRounds "5"]
[EventCountry "CAN"]
[SourceDate "2005.09.12"]

1. d4 Nf6 2. c4 g6 3. Nc3 Bg7 4. e4 d6 5. Be2 O-O 6. Be3 Nc6 7. f4 e5 8. fxe5
dxe5 9. d5 Nd4 10. Bxd4 exd4 11. Qxd4 Re8 12. Qd3 Nxe4 13. Nxe4 Bf5 14. Bf3
Bxe4 15. Bxe4 Qh4+ 16. Kd2 Rxe4 17. g3 Qg5+ 18. Kc2 Qe5 19. Rb1 Re8 20. Nf3
Re2+ 21. Nd2 Qh5 22. c5 R8e3 23. Qb5 Qf5+ 24. Kd1 Qf2 25. Qb4 Rd3 0-1

[Event "British Columbia op"]
[Site "Richmond"]
[Date "2013.02.09"]
[Round "1.2"]
[White "Kenney, Jason"]
[Black "Lee, Andrew"]
[Result "0-1"]
[WhiteElo "2250"]
[BlackElo "1866"]
[PlyCount "34"]
[EventDate "2013.02.09"]
[EventRounds "5"]
[EventCountry "CAN"]
[SourceDate "2005.09.12"]

1. d4 d5 2. c4 c6 3. Nf3 Nf6 4. Nc3 e6 5. e3 Nbd7 6. Qc2 Bd6 7. g4 dxc4 8. g5
Nd5 9. Bxc4 a6 10. e4 Nxc3 11. bxc3 c5 12. e5 Be7 13. Bd3 Qc7 14. Bxh7 b5 15.
Be4 Bb7 16. O-O cxd4 17. Nxd4 Qxe5 0-1

[Event "British Columbia op"]
[Site "Richmond"]
[Date "2013.02.09"]
[Round "1.4"]
[White "Cheng, Jack"]
[Black "Leblanc, Paul"]
[Result "1-0"]
[WhiteElo "2222"]
[BlackElo "1828"]
[PlyCount "73"]
[EventDate "2013.02.09"]
[EventRounds "5"]
[EventCountry "CAN"]
[SourceDate "2005.09.12"]

1. e4 c6 2. d4 g6 3. Nf3 Bg7 4. Be2 d5 5. e5 Nh6 6. Bf4 f6 7. O-O O-O 8. h4 Bg4
9. Nh2 Bxe2 10. Qxe2 Nf7 11. Nf3 fxe5 12. Bxe5 Nxe5 13. Nxe5 Nd7 14. Nf3 e5 15.
dxe5 Re8 16. Nc3 Nxe5 17. Nxe5 Rxe5 18. Qg4 Qc8 19. Qf3 Qe6 20. Qd3 Re8 21. Nd1
Re4 22. g3 Qh3 23. Nc3 R4e6 24. Qf3 d4 25. Na4 Re2 26. Qb3+ Kh8 27. Qxb7 Be5
28. Qxc6 Bxg3 29. Qg2 Qxh4 30. Qxg3 Qe4 31. Nc5 Qxc2 32. Nd3 Rd2 33. Ne5 Qxb2
34. Rab1 Qxa2 35. Rb7 Rf8 36. Nxg6+ hxg6 37. Qh4+ 1-0

[Event "British Columbia op"]
[Site "Richmond"]
[Date "2013.02.09"]
[Round "1.5"]
[White "Harris, Phillip"]
[Black "Sohal, Tanraj"]
[Result "0-1"]
[WhiteElo "1816"]
[BlackElo "2205"]
[PlyCount "70"]
[EventDate "2013.02.09"]
[EventRounds "5"]
[EventCountry "CAN"]
[SourceDate "2005.09.12"]

1. d4 d5 2. e3 e6 3. Bd3 Nf6 4. Nf3 c5 5. c3 Nc6 6. O-O Bd6 7. Nbd2 O-O 8. b3
e5 9. dxe5 Nxe5 10. Nxe5 Bxe5 11. Bb2 Re8 12. Qc2 h6 13. Rfe1 Bc7 14. Nf1 Bg4
15. f3 Be6 16. Rad1 Qe7 17. c4 Ba5 18. Bc3 Bxc3 19. Qxc3 Red8 20. cxd5 Nxd5 21.
Qc1 Nb4 22. Bb1 b6 23. Rxd8+ Rxd8 24. Rd1 Rc8 25. Qd2 Nc6 26. Qc2 g6 27. Qc3
Rd8 28. Rxd8+ Qxd8 29. Qd2 Qxd2 30. Nxd2 Kf8 31. Kf2 Ke7 32. Ke2 Nb4 33. g3 Nd5
34. Be4 Nc3+ 35. Kd3 Nxa2 0-1

[Event "British Columbia op"]
[Site "Richmond"]
[Date "2013.02.09"]
[Round "1.7"]
[White "Foote, Joanne"]
[Black "Chan, James"]
[Result "0-1"]
[WhiteElo "1699"]
[BlackElo "2160"]
[PlyCount "92"]
[EventDate "2013.02.09"]
[EventRounds "5"]
[EventCountry "CAN"]
[SourceDate "2005.09.12"]

1. e4 c5 2. Nf3 d6 3. d4 cxd4 4. Nxd4 Nf6 5. Nc3 a6 6. Be3 e6 7. Nb3 b5 8. f3
Nbd7 9. Qd2 Bb7 10. O-O-O Rc8 11. g4 Nb6 12. g5 Nfd7 13. Bf4 d5 14. exd5 Nxd5
15. Nxd5 Bxd5 16. Qe3 Be7 17. h4 Qb6 18. Qxb6 Nxb6 19. Be2 O-O 20. h5 Rfd8 21.
Rdg1 Nc4 22. g6 fxg6 23. hxg6 h6 24. Kb1 Bf6 25. c3 b4 26. cxb4 Nxb2 27. Nd2
Na4 28. Bxa6 Nc3+ 29. Kc2 Ne2+ 30. Bxc8 Rxc8+ 31. Kd1 Nxf4 32. Ne4 Bd4 33. Rg4
Be3 34. Rxf4 Bxf4 35. Re1 Rc1+ 36. Ke2 Bc4+ 37. Kf2 Rxe1 38. Kxe1 Bxa2 39. Kf2
Kf8 40. Nc3 Bc4 41. Ne4 Ke7 42. Kg2 Bd6 43. Nxd6 Kxd6 44. Kg3 Ke5 45. Kg4 Kf6
46. Kh5 Be2 0-1

[Event "British Columbia op"]
[Site "Richmond"]
[Date "2013.02.09"]
[Round "1.8"]
[White "Han, Yifei"]
[Black "Escandor, Manuel"]
[Result "1-0"]
[WhiteElo "2129"]
[BlackElo "1681"]
[PlyCount "79"]
[EventDate "2013.02.09"]
[EventRounds "5"]
[EventCountry "CAN"]
[SourceDate "2005.09.12"]

1. e4 e5 2. Nf3 Nc6 3. Bb5 d6 4. O-O Bd7 5. c3 Nf6 6. Re1 Be7 7. d4 exd4 8.
cxd4 O-O 9. Bxc6 Bxc6 10. d5 Be8 11. Nc3 Nd7 12. Nd4 Bf6 13. f4 Bxd4+ 14. Qxd4
f6 15. Qd1 Bf7 16. Nb5 a6 17. Nd4 Re8 18. Ne6 Bxe6 19. dxe6 Rxe6 20. Qd5 Nc5
21. b4 c6 22. Qc4 b5 23. Qc2 Nd7 24. Be3 d5 25. exd5 cxd5 26. Qf5 Rd6 27. Rad1
g6 28. Qg4 Rc8 29. Qf3 Nf8 30. Bc5 Rd7 31. f5 gxf5 32. Qxf5 Rc6 33. Bxf8 Kxf8
34. Rd3 Re7 35. Rf1 Qb6+ 36. Kh1 Re5 37. Qxh7 Rg5 38. Qh6+ Kf7 39. Qxg5 Qf2 40.
Rxf2 1-0

[Event "British Columbia op"]
[Site "Richmond"]
[Date "2013.02.09"]
[Round "1.10"]
[White "Patterson, Roger"]
[Black "Jose, Marionito"]
[Result "1-0"]
[WhiteElo "2084"]
[BlackElo "1652"]
[PlyCount "85"]
[EventDate "2013.02.09"]
[EventRounds "5"]
[EventCountry "CAN"]
[SourceDate "2005.09.12"]

1. e4 c5 2. Nf3 e6 3. d4 cxd4 4. Nxd4 Nf6 5. Bd3 Nc6 6. Nxc6 bxc6 7. O-O d5 8.
exd5 cxd5 9. c4 Be7 10. Qe2 O-O 11. Nc3 Re8 12. b3 Bb7 13. Bb2 Bf8 14. Rfd1 d4
15. Ne4 e5 16. Nxf6+ Qxf6 17. Be4 Bxe4 18. Qxe4 Qe6 19. f4 exf4 20. Qxf4 Qe3+
21. Qf2 d3 22. Qxe3 Rxe3 23. Bd4 Re4 24. Bf2 Rd8 25. Bxa7 d2 26. Bf2 Bb4 27. a3
Bc3 28. Ra2 Re2 29. Rc2 Rd3 30. Kf1 Re1+ 31. Bxe1 dxe1=Q+ 32. Rxe1 Bxe1 33.
Kxe1 Rxb3 34. Ra2 Rc3 35. a4 Rxc4 36. a5 Rc7 37. a6 Ra7 38. Kd2 Kf8 39. Kc3 Ke8
40. Kb4 Kd8 41. Kb5 Kc7 42. Re2 Kd6 43. Kb6 1-0

[Event "British Columbia op"]
[Site "Richmond"]
[Date "2013.02.09"]
[Round "1.12"]
[White "Dimitrijevic, Darko"]
[Black "Sullivan, Brian"]
[Result "1-0"]
[WhiteElo "2027"]
[BlackElo "1629"]
[PlyCount "115"]
[EventDate "2013.02.09"]
[EventRounds "5"]
[EventCountry "CAN"]
[SourceDate "2005.09.12"]

1. e4 c5 2. c3 d6 3. d4 cxd4 4. cxd4 Nf6 5. Nc3 a6 6. a4 g6 7. Bd3 Bg7 8. Nge2
Nc6 9. O-O O-O 10. f4 Qb6 11. e5 dxe5 12. fxe5 Nxe5 13. a5 Qa7 14. Kh1 Nxd3 15.
Qxd3 Bd7 16. Be3 Qb8 17. Bf4 Qe8 18. Be5 Bc6 19. Bc7 Qd7 20. Bb6 Nd5 21. Bc5
Rfe8 22. Rae1 e5 23. Ne4 f6 24. Nd6 Re6 25. dxe5 Rxe5 26. Nc3 Nxc3 27. Qxc3
Bxg2+ 28. Kxg2 Qc6+ 29. Rf3 Rxc5 30. Qb3+ Qd5 31. Nxb7 Qxb3 32. Rxb3 Rc2+ 33.
Kg3 f5 34. Nd6 Rd8 35. Rb6 Rd2 36. Re8+ Rxe8 37. Nxe8 Be5+ 38. Kf3 Kf7 39. Rxa6
Rd7 40. b4 Kxe8 41. b5 Bxh2 42. b6 Bg1 43. Ra8+ Ke7 44. Rh8 Kf6 45. Rb8 Bh2 46.
Rc8 Ke6 47. Rc6+ Ke5 48. Rc7 Kd6 49. Rc2 Rb7 50. Rxh2 Kc6 51. Rb2 h5 52. Rc2+
Kd6 53. Rc8 g5 54. Rg8 g4+ 55. Kf4 Rf7 56. a6 Kc6 57. Rg6+ Kb5 58. b7 1-0

[Event "British Columbia op"]
[Site "Richmond"]
[Date "2013.02.09"]
[Round "1.13"]
[White "Pulfer, Luke"]
[Black "Velazquez, Hector"]
[Result "1/2-1/2"]
[WhiteElo "1605"]
[BlackElo "2021"]
[PlyCount "78"]
[EventDate "2013.02.09"]
[EventRounds "5"]
[EventCountry "CAN"]
[SourceDate "2005.09.12"]

1. d4 Nf6 2. c4 g6 3. e3 Bg7 4. Nc3 d5 5. Nf3 O-O 6. Bd3 c6 7. O-O Bg4 8. h3
dxc4 9. Bxc4 Bf5 10. Re1 b5 11. Bd3 Bxd3 12. Qxd3 a6 13. e4 e6 14. Bg5 Qa5 15.
e5 Nd5 16. Ne4 Nd7 17. a3 h6 18. Bd2 Qb6 19. b4 Ra7 20. Nd6 Rd8 21. Rac1 Nb8
22. Rc2 Rad7 23. Be3 a5 24. Rb1 axb4 25. axb4 Ra7 26. Nd2 Ra4 27. Rcb2 Na6 28.
N2e4 Naxb4 29. Qd2 Nxe3 30. fxe3 Nd5 31. Qf2 Ra7 32. Rf1 Rf8 33. Nc5 Qa5 34. e4
Nb6 35. Ndb7 Qa3 36. Rb3 Qa2 37. Rb2 Qa3 38. Rb3 Qa2 39. Rb2 Qa3 1/2-1/2

[Event "British Columbia op"]
[Site "Richmond"]
[Date "2013.02.09"]
[Round "1.14"]
[White "Ingram, Richard"]
[Black "Lin, Alex"]
[Result "0-1"]
[WhiteElo "2009"]
[BlackElo "1603"]
[PlyCount "130"]
[EventDate "2013.02.09"]
[EventRounds "5"]
[EventCountry "CAN"]
[SourceDate "2005.09.12"]

1. d4 d5 2. Nf3 Nf6 3. g3 e6 4. Bg2 Be7 5. c4 Nbd7 6. Nc3 c6 7. cxd5 exd5 8.
O-O O-O 9. Re1 Re8 10. h3 Bd6 11. Qc2 Nf8 12. e4 dxe4 13. Ng5 Bf5 14. Ngxe4
Nxe4 15. Nxe4 Bb4 16. Bd2 Bxe4 17. Rxe4 Rxe4 18. Bxe4 Qxd4 19. Be3 Qe5 20. Rd1
Re8 21. Bf3 Qc7 22. Kg2 Ba5 23. Bf4 Qe7 24. Bd6 Qe6 25. b4 Bb6 26. a4 a6 27.
Qc3 Rd8 28. Be5 Rxd1 29. Bxd1 Qf5 30. Qb2 Ne6 31. Bg4 Qe4+ 32. Bf3 Qd3 33. Be2
Qd5+ 34. Bf3 Qd3 35. Qc3 Qf5 36. h4 f6 37. Bb8 Nd4 38. Qc4+ Kh8 39. Bf4 Nxf3
40. Kxf3 g5 41. Qf7 g4+ 42. Kg2 Qd5+ 43. Qxd5 cxd5 44. f3 f5 45. fxg4 fxg4 46.
Kf1 h5 47. Be5+ Kh7 48. Ke2 Kg6 49. Kd3 Kf5 50. Bb8 Bf2 51. Bd6 b5 52. a5 Ke6
53. Bf4 Be1 54. Kd4 Bxb4 55. Bc7 Bd6 56. Bd8 Bxg3 57. Kc5 Bf2+ 58. Kc6 g3 59.
Bb6 Bxb6 60. axb6 g2 61. b7 g1=Q 62. b8=Q Qc1+ 63. Kb7 Kd7 64. Qe5 Qc8+ 65. Kb6
Qc6+ 0-1

[Event "British Columbia op"]
[Site "Richmond"]
[Date "2013.02.09"]
[Round "1.17"]
[White "Knox, Nathaniel"]
[Black "Salcedo, Daniel"]
[Result "0-1"]
[WhiteElo "1511"]
[BlackElo "1937"]
[PlyCount "36"]
[EventDate "2013.02.09"]
[EventRounds "5"]
[EventCountry "CAN"]
[SourceDate "2005.09.12"]

1. d4 Nf6 2. c4 g6 3. Nc3 c5 4. Nf3 Bg7 5. Bf4 O-O 6. e3 cxd4 7. exd4 d5 8. Be2
Nc6 9. Ne5 dxc4 10. Nxc6 bxc6 11. Bxc4 Qb6 12. Qd2 Rd8 13. Be5 Qb4 14. Be2 Ng4
15. a3 Qb3 16. Bxg7 Kxg7 17. O-O Rb8 18. Rab1 Nf6 0-1

[Event "British Columbia op"]
[Site "Richmond"]
[Date "2013.02.09"]
[Round "1.18"]
[White "Han, Yiming"]
[Black "Geng, Tian Tian"]
[Result "1-0"]
[WhiteElo "1926"]
[BlackElo "1467"]
[PlyCount "77"]
[EventDate "2013.02.09"]
[EventRounds "5"]
[EventCountry "CAN"]
[SourceDate "2005.09.12"]

1. e4 c5 2. Nf3 Nc6 3. d4 cxd4 4. Nxd4 g6 5. Nc3 Bg7 6. Be3 Nf6 7. Be2 O-O 8.
O-O d5 9. exd5 Nxd5 10. Nxd5 Qxd5 11. Nxc6 Qxc6 12. c3 Be6 13. Bf3 Qc7 14. Qa4
Bd7 15. Qb4 Bc6 16. Bxc6 bxc6 17. Bc5 Rab8 18. Qa3 Rb7 19. Rfe1 Re8 20. Rad1 e6
21. Bd6 Qc8 22. b4 Bf8 23. c4 Bxd6 24. Rxd6 Rd8 25. Red1 Rbd7 26. c5 Qc7 27.
Qg3 Kf8 28. h3 Rxd6 29. Rxd6 Rxd6 30. cxd6 Qb7 31. Qe5 Ke8 32. Qh8+ Kd7 33. Qf8
c5 34. Qxf7+ Kc6 35. Qf3+ Kb6 36. bxc5+ Ka6 37. Qa3+ Kb5 38. Qb3+ Ka6 39. Qa4#
1-0

[Event "British Columbia op"]
[Site "Richmond"]
[Date "2013.02.09"]
[Round "1.19"]
[White "Shao, Nathan"]
[Black "North, Robert"]
[Result "0-1"]
[WhiteElo "1439"]
[BlackElo "1910"]
[PlyCount "94"]
[EventDate "2013.02.09"]
[EventRounds "5"]
[EventCountry "CAN"]
[SourceDate "2005.09.12"]

1. e4 c5 2. Nf3 d6 3. Nc3 Nc6 4. h3 g6 5. Bc4 Bg7 6. a3 e6 7. d3 Nge7 8. Bg5 a6
9. O-O O-O 10. Qd2 Nd4 11. Nxd4 cxd4 12. Ne2 Re8 13. Qf4 Qb6 14. Bf6 Bd7 15.
Bxg7 Kxg7 16. h4 h6 17. g4 f6 18. g5 hxg5 19. hxg5 f5 20. Qg3 Rac8 21. Kg2 fxe4
22. Nf4 Nf5 23. Qg4 e3 24. Rh1 d5 25. Nxg6 e5 26. Rh6 Qxg6 27. Rxg6+ Kxg6 28.
Bxd5 Rxc2 29. Rf1 e2 30. Bf7+ Kxf7 31. Qh5+ Ke7 32. Re1 Bc6+ 33. Kg1 Rf8 34. g6
Kf6 35. Qh7 Bf3 36. Qh3 Bd5 37. Qh5 Rg8 38. f3 Rxg6+ 39. Kf2 Rg3 40. Qh8+ Kg5
41. Qd8+ Kf4 42. Qxd5 Rg2+ 43. Kxg2 Ne3+ 44. Kf2 Nxd5 45. b4 Nc3 46. Rg1 e1=Q+
47. Kxe1 Rc1+ 0-1

[Event "British Columbia op"]
[Site "Richmond"]
[Date "2013.02.10"]
[Round "2.1"]
[White "Villavieja, Butch"]
[Black "Dimitrijevic, Darko"]
[Result "1-0"]
[WhiteElo "2304"]
[BlackElo "2027"]
[PlyCount "57"]
[EventDate "2013.02.09"]
[EventRounds "5"]
[EventCountry "CAN"]
[SourceDate "2005.09.12"]

1. e4 c5 2. Nf3 e6 3. d4 cxd4 4. Nxd4 a6 5. Bd3 Qc7 6. O-O Bd6 7. h3 h5 8. Bg5
Be5 9. c3 Nc6 10. Ne2 d6 11. Nd2 Bd7 12. a4 Bf6 13. Be3 g5 14. Nc4 Ne5 15. Nb6
Rd8 16. f4 Nxd3 17. Qxd3 gxf4 18. Nxf4 Bc6 19. Rae1 Be5 20. Nc4 Qe7 21. Bb6 Rd7
22. Qf3 Qf6 23. Qe3 Qg5 24. Rf2 Nf6 25. Nxe5 dxe5 26. Nd5 Nxe4 27. Nf6+ Qxf6
28. Rxf6 Nxf6 29. Qxe5 1-0

[Event "British Columbia op"]
[Site "Richmond"]
[Date "2013.02.10"]
[Round "2.2"]
[White "Cao, Jason"]
[Black "Herdin, Matthew"]
[Result "0-1"]
[WhiteElo "2223"]
[BlackElo "1976"]
[PlyCount "92"]
[EventDate "2013.02.09"]
[EventRounds "5"]
[EventCountry "CAN"]
[SourceDate "2005.09.12"]

1. e4 e5 2. Nf3 Nc6 3. Bb5 a6 4. Ba4 Nf6 5. O-O Be7 6. Re1 b5 7. Bb3 O-O 8. h3
d6 9. c3 Nb8 10. d4 Nbd7 11. Nbd2 c5 12. Nf1 Bb7 13. d5 Nb6 14. Ng3 Nfd7 15.
Nh2 g6 16. Bc2 c4 17. f4 Bh4 18. Qf3 Kh8 19. Rf1 f5 20. exf5 Bxd5 21. Be4 Bxg3
22. Bxd5 Nxd5 23. Qxg3 gxf5 24. fxe5 dxe5 25. Bg5 Qb6+ 26. Kh1 Qe6 27. Rad1 Nc5
28. Rde1 f4 29. Qh4 Nd3 30. Re2 Qg6 31. Ng4 Rf5 32. Nh6 Raf8 33. Nxf5 Rxf5 34.
Bh6 Rh5 35. Qd8+ Qg8 36. Qd6 Rf5 37. Qxa6 Rf6 38. Qxb5 Rxh6 39. Qxc4 Ne3 40.
Qxg8+ Kxg8 41. Rb1 Nf5 42. Rd2 e4 43. b4 Rd6 44. b5 e3 45. Rc2 e2 46. b6 Rxb6
0-1

[Event "British Columbia op"]
[Site "Richmond"]
[Date "2013.02.10"]
[Round "2.3"]
[White "Salcedo, Daniel"]
[Black "Cheng, Jack"]
[Result "0-1"]
[WhiteElo "1937"]
[BlackElo "2222"]
[PlyCount "47"]
[EventDate "2013.02.09"]
[EventRounds "5"]
[EventCountry "CAN"]
[SourceDate "2005.09.12"]

1. d4 Nf6 2. c4 g6 3. Nc3 Bg7 4. e4 d6 5. Be2 O-O 6. Bg5 h6 7. Bh4 Nbd7 8. g4
c5 9. d5 Nh7 10. Nf3 Ne5 11. Nd2 g5 12. Bg3 Qb6 13. Rb1 Ng6 14. Nf1 Nf4 15. Ne3
Be5 16. h4 Nf6 17. Bf3 Bd7 18. Qc2 Qa5 19. O-O a6 20. Nf5 Bxf5 21. exf5 b5 22.
Bxf4 Bxf4 23. b3 gxh4 24. Ne4 0-1

[Event "British Columbia op"]
[Site "Richmond"]
[Date "2013.02.10"]
[Round "2.4"]
[White "Sohal, Tanraj"]
[Black "Han, Yiming"]
[Result "1-0"]
[WhiteElo "2205"]
[BlackElo "1926"]
[PlyCount "45"]
[EventDate "2013.02.09"]
[EventRounds "5"]
[EventCountry "CAN"]
[SourceDate "2005.09.12"]

1. d4 d5 2. c4 e6 3. Nc3 Nf6 4. Bg5 Be7 5. cxd5 exd5 6. e3 Be6 7. Bd3 O-O 8.
Nf3 b6 9. O-O c5 10. Ne5 h6 11. Bh4 a6 12. Be2 c4 13. f4 b5 14. Bf3 b4 15. f5
bxc3 16. fxe6 fxe6 17. bxc3 Qc7 18. Bg4 Nxg4 19. Qxg4 Qd6 20. Bxe7 Rxf1+ 21.
Rxf1 Qxe7 22. Ng6 Qd6 23. Rf8+ 1-0

[Event "British Columbia op"]
[Site "Richmond"]
[Date "2013.02.10"]
[Round "2.5"]
[White "North, Robert"]
[Black "Sanetullaev, Alisher"]
[Result "1-0"]
[WhiteElo "1910"]
[BlackElo "2169"]
[PlyCount "65"]
[EventDate "2013.02.09"]
[EventRounds "5"]
[EventCountry "CAN"]
[SourceDate "2005.09.12"]

1. d4 Nf6 2. c4 g6 3. g3 Bg7 4. Bg2 d6 5. Nf3 O-O 6. O-O Nbd7 7. Nc3 e5 8. e4
c6 9. h3 Qb6 10. d5 cxd5 11. cxd5 Nh5 12. Kh2 f5 13. Nd2 f4 14. Qe2 Rf7 15. g4
f3 16. Nxf3 Nf4 17. Bxf4 Rxf4 18. Qe3 Nc5 19. Nd2 Bh6 20. Nc4 Qd8 21. f3 Rxe4
22. Qxh6 Rxc4 23. f4 Nd3 24. fxe5 Nxe5 25. Ne4 Rxe4 26. Bxe4 Bxg4 27. Rf4 Be2
28. Rg1 Qe7 29. Rg2 Bd3 30. Bxd3 Nxd3 31. Rxg6+ hxg6 32. Qxg6+ Qg7 33. Qe6+ 1-0

[Event "British Columbia op"]
[Site "Richmond"]
[Date "2013.02.10"]
[Round "2.6"]
[White "Chan, James"]
[Black "Roback, Joe"]
[Result "1-0"]
[WhiteElo "2160"]
[BlackElo "1885"]
[PlyCount "63"]
[EventDate "2013.02.09"]
[EventRounds "5"]
[EventCountry "CAN"]
[SourceDate "2005.09.12"]

1. e4 c5 2. Nf3 d6 3. d4 Nf6 4. Nc3 cxd4 5. Nxd4 a6 6. Bg5 e6 7. f4 Be7 8. Qe2
h6 9. Bxf6 Bxf6 10. O-O-O Bd7 11. e5 dxe5 12. fxe5 Bg5+ 13. Kb1 O-O 14. Ne4 Be7
15. Qh5 Qc7 16. Nf3 Rc8 17. Bd3 Bb5 18. Nd6 Rf8 19. g4 Bc6 20. Rhf1 Nd7 21. Ne4
f6 22. Qg6 Bb5 23. Nxf6+ Nxf6 24. exf6 Bxf6 25. Qh7+ Kf7 26. g5 Bxd3 27. Rxd3
Rac8 28. c3 hxg5 29. Nxg5+ Ke7 30. Ne4 Qc4 31. Nxf6 Rcd8 32. Qxg7+ 1-0

[Event "British Columbia op"]
[Site "Richmond"]
[Date "2013.02.10"]
[Round "2.7"]
[White "Lee, Andrew"]
[Black "Han, Yifei"]
[Result "1-0"]
[WhiteElo "1866"]
[BlackElo "2129"]
[PlyCount "79"]
[EventDate "2013.02.09"]
[EventRounds "5"]
[EventCountry "CAN"]
[SourceDate "2005.09.12"]

1. e4 e5 2. Nf3 Nc6 3. Bc4 Bc5 4. O-O Nf6 5. d3 h6 6. c3 Bb6 7. h3 O-O 8. Re1
d6 9. Bb3 Na5 10. Bc2 c5 11. Nbd2 a6 12. Nf1 Ba7 13. Ng3 b5 14. Nh2 Nc6 15. Qf3
Nh7 16. Nf5 Ng5 17. Qg3 Bxf5 18. exf5 Ne7 19. d4 cxd4 20. h4 e4 21. hxg5 d3 22.
Bb3 d5 23. Qg4 h5 24. Qxh5 Nxf5 25. Ng4 Ng3 26. Qh4 Ne2+ 27. Kh1 Nxc1 28. Nf6+
gxf6 29. gxf6 Qxf6 30. Qxf6 Nxb3 31. axb3 Bc5 32. b4 Bxf2 33. Qxf2 f5 34. Qg3+
Kh8 35. Qh4+ Kg8 36. Qg5+ Kh8 37. Re3 Ra7 38. Rh3+ Rh7 39. Rxh7+ Kxh7 40. Rxa6
1-0

[Event "British Columbia op"]
[Site "Richmond"]
[Date "2013.02.10"]
[Round "2.8"]
[White "Doknjas, John"]
[Black "Yu, Robin"]
[Result "1-0"]
[WhiteElo "2094"]
[BlackElo "1629"]
[PlyCount "109"]
[EventDate "2013.02.09"]
[EventRounds "5"]
[EventCountry "CAN"]
[SourceDate "2005.09.12"]

1. d4 Nf6 2. c4 e6 3. Nc3 d5 4. Bg5 c6 5. Nf3 Be7 6. e3 Nbd7 7. Bd3 dxc4 8.
Bxc4 b5 9. Bd3 Bb7 10. O-O a6 11. Bxf6 Nxf6 12. Ne4 Nxe4 13. Bxe4 Qb6 14. Ne5
f6 15. Qh5+ Kd8 16. Nf7+ Kc7 17. Nxh8 Rxh8 18. Qf7 Kd6 19. Qxg7 Qd8 20. Qg3+
Kd7 21. f4 Rg8 22. Qf2 h5 23. Rac1 Kc7 24. Rc2 Bd6 25. Qf3 Qe8 26. Rfc1 e5 27.
Bxc6 Bxc6 28. Qxc6+ Qxc6 29. Rxc6+ Kd7 30. fxe5 fxe5 31. Rxa6 exd4 32. exd4 Bf4
33. Re1 Rc8 34. Ra7+ Kd6 35. Rae7 Rc2 36. R7e2 Rc4 37. Re5 Bxe5 38. Rxe5 Rxd4
39. Rxb5 Kc6 40. Rxh5 Rd2 41. b4 Rxa2 42. b5+ Kb6 43. h4 Rb2 44. Kh2 Kc7 45.
Rd5 Rf2 46. h5 Rf6 47. Kh3 Rf4 48. h6 Rf6 49. Rh5 Rf8 50. h7 Rh8 51. g4 Kd7 52.
b6 Kc6 53. g5 Kxb6 54. g6 Kc7 55. g7 1-0

[Event "British Columbia op"]
[Site "Richmond"]
[Date "2013.02.10"]
[Round "2.9"]
[White "Yin, Alex"]
[Black "Patterson, Roger"]
[Result "0-1"]
[WhiteElo "1603"]
[BlackElo "2084"]
[PlyCount "112"]
[EventDate "2013.02.09"]
[EventRounds "5"]
[EventCountry "CAN"]
[SourceDate "2005.09.12"]

1. e4 c5 2. c3 d5 3. exd5 Qxd5 4. d4 Nf6 5. Nf3 cxd4 6. cxd4 e6 7. Nc3 Qd6 8.
Be2 Be7 9. O-O O-O 10. b3 Nc6 11. Bb2 b6 12. Qd2 Bb7 13. Rac1 Rac8 14. Rfd1
Rfd8 15. h3 Nb4 16. Nb5 Qb8 17. a3 Nbd5 18. Ne5 a6 19. Nc3 Nxc3 20. Rxc3 Rxc3
21. Qxc3 Rc8 22. Qe3 Qa8 23. Bf3 Bxf3 24. Qxf3 Qxf3 25. Nxf3 Nd5 26. Rc1 Rxc1+
27. Bxc1 Bd6 28. g3 Kf8 29. b4 Ke7 30. Bb2 f6 31. h4 Kd7 32. Kf1 Kc6 33. Ke2
Kb5 34. Kd3 a5 35. bxa5 Kxa5 36. Nd2 Ka4 37. Nb1 Kb3 38. Bc1 b5 39. Kd2 Ka2 40.
Kc2 b4 41. Bb2 bxa3 42. Nc3+ Nxc3 43. Bxc3 h5 44. f4 f5 45. Be1 Bc7 46. Bd2 Bb6
47. Be3 Ba5 48. Bf2 g6 49. g4 hxg4 50. Bg3 Bd8 51. Be1 Bf6 52. Bf2 Bg7 53. Be3
Bh6 54. Bc1 g3 55. Bd2 g2 56. Be3 Bxf4 0-1

[Event "British Columbia op"]
[Site "Richmond"]
[Date "2013.02.10"]
[Round "2.11"]
[White "Velazquez, Hector"]
[Black "Kosinski, George"]
[Result "1-0"]
[WhiteElo "2021"]
[BlackElo "1865"]
[PlyCount "61"]
[EventDate "2013.02.09"]
[EventRounds "5"]
[EventCountry "CAN"]
[SourceDate "2005.09.12"]

1. e4 g6 2. d4 Bg7 3. c4 d6 4. Nc3 Nf6 5. Nf3 O-O 6. Be2 e5 7. O-O Nbd7 8. Re1
a5 9. h3 exd4 10. Nxd4 Nc5 11. Bf3 Nfd7 12. Ndb5 Ne5 13. Be2 c6 14. Nxd6 Qc7
15. Nxc8 Raxc8 16. Bg5 f6 17. Be3 Rcd8 18. Qc2 Ned3 19. Bxd3 Nxd3 20. Red1 Nb4
21. Qb3 f5 22. a3 Rxd1+ 23. Rxd1 Na6 24. exf5 Rxf5 25. c5+ Kh8 26. Ne4 Rd5 27.
Rxd5 cxd5 28. Qxd5 Bxb2 29. Nd6 Bf6 30. Ne8 Qd8 31. Nxf6 1-0

[Event "British Columbia op"]
[Site "Richmond"]
[Date "2013.02.10"]
[Round "2.12"]
[White "Jose, Marionito"]
[Black "Kenney, Jason"]
[Result "0-1"]
[WhiteElo "1652"]
[BlackElo "2250"]
[PlyCount "48"]
[EventDate "2013.02.09"]
[EventRounds "5"]
[EventCountry "CAN"]
[SourceDate "2005.09.12"]

1. e4 c6 2. d4 d5 3. Nd2 dxe4 4. Nxe4 Bf5 5. Ng3 Bg6 6. Bc4 e6 7. N1e2 Bd6 8.
O-O Qc7 9. Bb3 Nf6 10. f4 Nbd7 11. Qe1 O-O-O 12. f5 exf5 13. Nxf5 Bxf5 14. Rxf5
Bxh2+ 15. Kh1 Ne4 16. Bxf7 Ndf6 17. Be6+ Kb8 18. Bf4 Bxf4 19. Rxf4 g5 20. Rf3
Rde8 21. Bc4 Ng4 22. Qg1 Nd2 23. Bd3 Rhf8 24. Rxf8 Rxf8 0-1

[Event "British Columbia op"]
[Site "Richmond"]
[Date "2013.02.10"]
[Round "2.19"]
[White "Rahemtulla, Adam"]
[Black "Foote, Joanne"]
[Result "0-1"]
[WhiteElo "1433"]
[BlackElo "1699"]
[PlyCount "120"]
[EventDate "2013.02.09"]
[EventRounds "5"]
[EventCountry "CAN"]
[SourceDate "2005.09.12"]

1. e4 c5 2. Nf3 d6 3. d4 cxd4 4. Nxd4 Nf6 5. Nc3 a6 6. Be3 e5 7. Nf3 Be6 8. Ng5
b5 9. Nxe6 fxe6 10. f3 d5 11. exd5 exd5 12. Bg5 Bb4 13. Qd3 Nbd7 14. O-O-O Bxc3
15. bxc3 Qc7 16. Re1 O-O 17. h4 Rac8 18. Bxf6 Nxf6 19. Re3 d4 20. cxd4 exd4 21.
Re2 Nh5 22. Rh3 Nf4 23. Qb3+ Kh8 24. Rf2 Nxh3 25. gxh3 Qf4+ 26. Kb1 Qe3 27. Re2
Qxf3 28. Qxf3 Rxf3 29. Bg2 Rf7 30. Bd5 Rfc7 31. Re4 g6 32. Bb3 Rd8 33. Re6 d3
34. cxd3 Rxd3 35. Rxa6 Rxh3 36. Rb6 Rxh4 37. Rxb5 Rh2 38. a4 Re7 39. Bc2 h5 40.
a5 h4 41. a6 Rd2 42. Kc1 Rdd7 43. Bxg6 Kg7 44. Bf5 Rc7+ 45. Kb2 Kf6 46. Bd3 Re6
47. Rf5+ Ke7 48. Rh5 Rb6+ 49. Ka2 Rb4 50. Ra5 Ra7 51. Rh5 Kf6 52. Rf5+ Ke7 53.
Rh5 Kd6 54. Ka3 Rf4 55. Rh6+ Ke5 56. Rb6 Rff7 57. Kb4 h3 58. Bc4 Rh7 59. Re6+
Kf4 60. Rf6+ Kg5 0-1

[Event "British Columbia op"]
[Site "Richmond"]
[Date "2013.02.10"]
[Round "3.1"]
[White "Patterson, Roger"]
[Black "Villavieja, Butch"]
[Result "1/2-1/2"]
[WhiteElo "2084"]
[BlackElo "2304"]
[PlyCount "68"]
[EventDate "2013.02.09"]
[EventRounds "5"]
[EventCountry "CAN"]
[SourceDate "2005.09.12"]

1. e4 c5 2. Nf3 d6 3. d4 cxd4 4. Nxd4 Nf6 5. Nc3 a6 6. f4 e5 7. Nf3 Nbd7 8. Bd3
Be7 9. O-O O-O 10. a4 exf4 11. Kh1 Ne5 12. Bxf4 Bg4 13. Qe1 Bxf3 14. gxf3 Ng6
15. Bg3 Re8 16. Qd2 Qa5 17. Rad1 Qh5 18. Qg2 Rac8 19. f4 Qa5 20. Rde1 Bf8 21.
Re2 Qb4 22. e5 Nh5 23. Qh3 Nxg3+ 24. hxg3 Qxb2 25. Ne4 Qd4 26. e6 Be7 27. exf7+
Kxf7 28. Ng5+ Bxg5 29. fxg5+ Kg8 30. Bxg6 hxg6 31. Rh2 Qd5+ 32. Kg1 Qd4+ 33.
Kh1 Qd5+ 34. Kg1 Qd4+ 1/2-1/2